The Jew is my neighbor. (Record no. 2500)

000 -LEADER
fixed length control field 00639nam a2200193 a 4500
001 - CONTROL NUMBER
control field :::00000225$&:&@@
003 - CONTROL NUMBER IDENTIFIER
control field OkBaRHE
005 - DATE AND TIME OF LATEST TRANSACTION
control field 20000607103237.0
008 - FIXED-LENGTH DATA ELEMENTS--GENERAL INFORMATION
fixed length control field s1977 j 000 0 eng u
040 ## - CATALOGING SOURCE
Transcribing agency
100 1# - MAIN ENTRY--PERSONAL NAME
Personal name Monroe, Charles.
245 14 - TITLE STATEMENT
Title The Jew is my neighbor.
260 ## - PUBLICATION, DISTRIBUTION, ETC. (IMPRINT)
Place of publication, distribution, etc Duncanville, TX., :
Name of publisher, distributor, etc Charles Monroe
Date of publication, distribution, etc 1977
300 ## - PHYSICAL DESCRIPTION
Extent 62 p. ;
Dimensions 18 cm.
650 ## - SUBJECT ADDED ENTRY--TOPICAL TERM
Topical term or geographic name as entry element Christianity and Other Religions
General subdivision Judaism
650 ## - SUBJECT ADDED ENTRY--TOPICAL TERM
Topical term or geographic name as entry element Judaism Relations
General subdivision Christianity
942 ## - ADDED ENTRY ELEMENTS (KOHA)
Source of classification or shelving scheme
Koha item type Books
Copies
Lost status Shelving location Full call number Current Location Date checked out Price effective from Not for loan Copy number Barcode Source of classification or shelving scheme Withdrawn status Date last seen Total Checkouts Permanent Location Damaged status Date acquired Koha item type
 General StacksBM 535 .M6RHEMA Bible Training College2011-01-042010-04-14 1225  2018-01-091RHEMA Bible Training College 2010-04-14Books